[Event "Open"]
[Site "Leuven BEL"]
[Date "2009.11.15"]
[Round "7"]
[White "Praet,M"]
[Black "Geirnaert,S"]
[Result "1-0"]
[WhiteElo "2242"]
[BlackElo "2382"]

1.Nf3 d5 2.g3 Nf6 3.Bg2 c6 4.d3 Bf5 5.Nbd2 h6 6.O-O e6 7.e3 Nbd7 8.Qe2 Be7
9.e4 dxe4 10.dxe4 Bh7 11.e5 Nd5 12.Ne4 Qc7 13.c4 N5b6 14.b3 O-O 15.Bb2 Rfd8
16.Rad1 a5 17.Nd6 Nc8 18.Nd4 Bxd6 19.exd6 Nxd6 20.Qg4 Ne8 21.Nxe6 fxe6 22.Qxe6+ Kh8
23.Qe7 Bg8 24.Rd6 Qxd6 25.Bxg7+ Nxg7 26.Qxd6 Nf5 27.Qc7 Rab8 28.Bh3 Rbc8
29.Qxa5 Ng7 30.Re1 Ra8 31.Qd2 Nf8 32.Qxh6+ Nh7 33.Re7 Ne8 34.Bf5 Rd6 35.Rxh7+ Bxh7
36.Qxh7+  1-0

[Event "Las Americas Open"]
[Site "Medellin COL"]
[Date "2009.11.15"]
[Round "7"]
[White "Sanabria Rangel,S"]
[Black "Cuartas Medina,J"]
[Result "1-0"]
[WhiteElo "2187"]
[BlackElo "2307"]

1.Nf3 d5 2.g3 Nf6 3.Bg2 c6 4.O-O Bf5 5.c4 e6 6.Qb3 Qb6 7.d3 h6 8.Nc3 Be7
9.cxd5 Qxb3 10.axb3 exd5 11.e4 dxe4 12.dxe4 Bh7 13.Ne5 Nbd7 14.Nc4 O-O 15.Be3 Bc5
16.f3 Bxe3+ 17.Nxe3 Rfd8 18.Rfd1 Kf8 19.Nc4 a6 20.b4 Ke7 21.f4 Nf8 22.e5 Ne8
23.Na5 Rxd1+ 24.Rxd1 Bf5 25.Bxc6 Rd8 26.Nd5+ Ke6 27.Nxb7  1-0

[Event "South Bohemia Open"]
[Site "Cesky Krumlov CZE"]
[Date "2009.11.16"]
[Round "3"]
[White "Jiruse,J"]
[Black "Jukl,K"]
[Result "1-0"]
[WhiteElo "2074"]
[BlackElo "1767"]

1.Nf3 d5 2.g3 Bf5 3.Bg2 e6 4.c4 c6 5.b3 Nf6 6.O-O Nbd7 7.d3 Bc5 8.d4 Be7
9.Nbd2 Ne4 10.Bb2 h5 11.cxd5 cxd5 12.Ne5 Ndf6 13.f3 Nd6 14.e4 dxe4 15.fxe4 Ndxe4
16.Nxe4 Nxe4 17.Bxe4  1-0

[Event "World Blitz"]
[Site "Moscow RUS"]
[Date "2009.11.17"]
[Round "15"]
[White "Tkachiev,V"]
[Black "Jakovenko,D"]
[Result "1-0"]
[WhiteElo "2642"]
[BlackElo "2736"]

1.g3 d5 2.Nf3 c6 3.Bg2 Bg4 4.O-O Nd7 5.d3 Ngf6 6.h3 Bh5 7.Qe1 e5 8.e4 Bd6
9.exd5 cxd5 10.Nxe5 Nxe5 11.d4 Qe7 12.dxe5 Bxe5 13.c3 Bd6 14.Qxe7+ Bxe7 15.Re1 Kd7
16.Be3 Rhe8 17.Nd2 Bg6 18.c4 Bb4 19.Rad1 d4 20.Bxd4 Kc7 21.Be5+ Kb6 22.a3 Bc2
23.axb4 Rxe5 24.Rxe5 Bxd1 25.Rb5+ Kc7 26.Rxb7+ Kd6 27.Rxf7 Rb8 28.b5 Ne8
29.Rxa7 Kc5 30.b3 Kb4 31.Bc6 Nf6 32.Rxg7 Rd8 33.Nf3 Bxb3 34.Ne5 Kc5 35.Nd7+ Nxd7
36.Rxd7 Rh8 37.Rd5+ Kb4 38.b6 Bxc4 39.Re5 Ba6 40.Re8 Rxe8 41.Bxe8 Kc5 42.g4 h6
43.Kh2 Kxb6 44.Kg3 Kc5 45.Kh4 Bf1 46.Kg3 Kd6 47.h4 Ke5 48.Ba4 Bd3 49.f4+ Kf6
50.g5+ hxg5 51.hxg5+ Kg6 52.Bc6 Bc2 53.Kh4 Bd3 54.Bd7 Bc2 55.f5+ Kf7 56.f6 Bg6
57.Kg4 Bd3 58.Kf4 Bc2 59.Bf5 Bd1 60.Ke5  1-0

[Event "World Youth U18"]
[Site "Antalya TUR"]
[Date "2009.11.18"]
[Round "7"]
[White "Pradeep,KR"]
[Black "Bukavshin,I"]
[Result "1/2-1/2"]
[WhiteElo "2202"]
[BlackElo "2426"]

1.Nf3 d5 2.g3 c6 3.Bg2 Bg4 4.O-O Nd7 5.d4 Ngf6 6.Nbd2 e6 7.Re1 Bd6 8.e4 Nxe4
9.Nxe4 dxe4 10.Rxe4 Nf6 11.Re1 O-O 12.c4 Re8 13.Qb3 Qb6 14.Qxb6 axb6 15.Be3 Bxf3
16.Bxf3 e5 17.dxe5 Bxe5 18.Re2 Bc7 19.Bd4 Rxe2 20.Bxe2 Re8 21.Bf3 Nd7 22.Rd1 g6
23.b3 h5 24.Kg2 Ne5 25.Bxe5 Bxe5 26.Rd7 Rb8 27.b4 Kf8 28.b5 Re8 29.Rxb7 cxb5
30.Bd5 Re7 31.Rxb6 bxc4 32.Bxc4 Ra7 33.f4 Bc7 34.Rc6 h4 35.Kf3 hxg3 36.hxg3 Kg7
37.a4 f6 38.Bb5 Ba5 39.Ke4 f5+ 40.Kf3 Rc7 41.Rd6 Bb4 42.Rd5 Be1 43.g4 Rc3+
44.Bd3 fxg4+ 45.Kxg4 Ra3 46.Kg5 Rxa4 47.Rd7+ Kf8 48.Bxg6 Bg3 49.f5 Bf4+ 50.Kh5 Ra6
51.Rf7+ Kg8 52.Re7 Kf8 53.Rb7 Rc6 54.Kg4 Bd2 55.Kf3 Bc3 56.Ke4 Rd6 57.Bh5 Bf6
58.Be2 Rd2 59.Bd3 Rb2 60.Rc7 Rb6 61.Kd5 Be7 62.Bc4 Rf6 63.Ke4 Rd6 64.Ke5 Ke8
65.Bd5 Rh6 66.Be6 Kf8 67.Rc8+ Kg7 68.Rg8+ Kh7 69.Rg3 Rh1 70.Bg8+ Kh8 71.Ke6 Bd8
72.Rd3 Bh4  1/2-1/2

[Event "South Bohemia Open"]
[Site "Cesky Krumlov CZE"]
[Date "2009.11.18"]
[Round "6"]
[White "Kredl,K"]
[Black "Szablowski,P"]
[Result "0-1"]
[WhiteElo "2077"]
[BlackElo "2217"]

1.g3 d5 2.Nf3 c5 3.Bg2 Nf6 4.O-O Nc6 5.c4 d4 6.d3 g6 7.a3 a5 8.e3 Bg7 9.exd4 cxd4
10.Nbd2 O-O 11.Rb1 Bf5 12.Qc2 Rc8 13.b4 axb4 14.axb4 b5 15.Qb3 bxc4 16.Nxc4 Nd5
17.Bd2 Nc3 18.Bxc3 dxc3 19.b5 Nd4 20.Nxd4 Qxd4 21.Rfd1 Bxd3 22.Nb2 Bxb1 23.Rxd4 Bxd4  0-1

[Event "South Bohemia Open"]
[Site "Cesky Krumlov CZE"]
[Date "2009.11.19"]
[Round "7"]
[White "Vorobyov,Y"]
[Black "Cilia Vincenti,D"]
[Result "1-0"]
[WhiteElo "2237"]
[BlackElo "2114"]

1.Nf3 d5 2.g3 Nf6 3.c4 dxc4 4.Qa4+ Nbd7 5.Bg2 g6 6.Qxc4 Nb6 7.Qc2 Bg7 8.O-O O-O
9.d4 Bf5 10.Qd1 Ne4 11.Nbd2 Nxd2 12.Qxd2 c5 13.dxc5 Qxd2 14.Nxd2 Na4 15.Bxb7 Rab8
16.Bg2 Nxb2 17.Nb3 Nd3 18.exd3 Bxd3 19.Bf4 Bxf1 20.Rxf1 e5 21.Be3 f5 22.Bd5+  1-0

[Event "South Bohemia Open"]
[Site "Cesky Krumlov CZE"]
[Date "2009.11.21"]
[Round "9"]
[White "Jiruse,J"]
[Black "Cilia Vincenti,D"]
[Result "0-1"]
[WhiteElo "2074"]
[BlackElo "2114"]

1.Nf3 d5 2.g3 Nf6 3.Bg2 c6 4.O-O Bg4 5.Ne5 h5 6.h3 Bf5 7.d4 Nbd7 8.c4 e6
9.Bg5 Be7 10.Nc3 Nxe5 11.dxe5 Nd7 12.Bxe7 Qxe7 13.cxd5 exd5 14.f4 O-O-O 15.Qd4 Kb8
16.e4 dxe4 17.Nxe4 Bxe4 18.Qxe4 Qc5+ 19.Kh2 Nb6 20.Rfd1 h4 21.g4 Qf2 22.Rd6 Nd5
23.Rf1 Qxb2 24.Rb1 Qc3 25.Rb3 Qc5 26.Qb1 b6 27.Bxd5 Rxd6 28.exd6 cxd5 29.Qf5 Qf2+
30.Kh1 Re8 31.Rb1 Re2  0-1

[Event "TCh-NED 2009-10"]
[Site "Netherlands NED"]
[Date "2009.11.21"]
[Round "3"]
[White "Zaragatski,I"]
[Black "Lemmers,O"]
[Result "1-0"]
[WhiteElo "2475"]
[BlackElo "2384"]

1.Nf3 d5 2.g3 c6 3.Bg2 Nf6 4.O-O Bg4 5.c4 Nbd7 6.cxd5 cxd5 7.Nc3 e6 8.d3 Be7
9.e4 dxe4 10.dxe4 e5 11.h3 Bxf3 12.Qxf3 Bb4 13.Rd1 Rc8 14.g4 Bxc3 15.bxc3 Qc7
16.g5 Ng8 17.h4 Nc5 18.Ba3 Ne6 19.Bd6 Qc6 20.Bh3 Ne7 21.Bxe6 fxe6 22.Bxe5 Ng6
23.Bxg7 Rg8 24.Bf6 e5 25.Rd5 Nxh4 26.Qh5+ Ng6 27.Rxe5+ Kf8 28.Qh6+ Kf7 29.Re7+  1-0

[Event "TCh-NED 2009-10"]
[Site "Netherlands NED"]
[Date "2009.11.21"]
[Round "3"]
[White "Siebrecht,S"]
[Black "Fiebig,T"]
[Result "1-0"]
[WhiteElo "2456"]
[BlackElo "2416"]

1.Nf3 d5 2.g3 Nf6 3.Bg2 c6 4.O-O Bg4 5.Ne5 Bf5 6.c4 Nbd7 7.d4 e6 8.Nc3 Bd6
9.Nxd7 Qxd7 10.c5 Bc7 11.Bg5 O-O 12.Bxf6 gxf6 13.b4 e5 14.e4 exd4 15.Nxd5 cxd5
16.exf5 a5 17.Qxd4 Be5 18.Qg4+ Kh8 19.Rad1 axb4 20.Qxb4 Rxa2 21.Rxd5 Qc8
22.Qc4 Ra6 23.Rfd1 Rc6 24.Qb4 Bb8 25.Rd7 Rxc5 26.Bxb7 Rc4 27.Qxf8+ Qxf8 28.Rd8 Qxd8
29.Rxd8+ Kg7 30.Rxb8 Rb4 31.Kg2 Rb2 32.g4 h6 33.Kg3 Kh7 34.f3 Kg7 35.h4 Rb4
36.h5 Kh7 37.Kf2 Rb3 38.Ke2 Kg7 39.Kd2  1-0

[Event "IV Open"]
[Site "Palma ESP"]
[Date "2009.11.21"]
[Round "1"]
[White "Burmakin,V"]
[Black "Berube,A"]
[Result "1-0"]
[WhiteElo "2602"]
[BlackElo "2122"]

1.Nf3 d5 2.g3 Nf6 3.Bg2 c6 4.O-O Bg4 5.d4 Nbd7 6.Nbd2 e6 7.Re1 Bd6 8.e4 dxe4
9.Nxe4 Nxe4 10.Rxe4 Bh5 11.c3 O-O 12.Qb3 Qc7 13.Nd2 Bg6 14.Re1 e5 15.Nc4 exd4
16.Nxd6 Qxd6 17.Bf4 Qc5 18.Qxb7 dxc3 19.Qxd7 cxb2 20.Rad1 Qa5 21.Qb7 Qxa2
22.Be5 Bc2 23.Qxb2 Qxb2 24.Bxb2 Bxd1 25.Rxd1 Rab8 26.Ba3 Rfd8 27.Ra1 Rb5
28.Be7 Rc8 29.Rxa7 h6 30.Bf1 Rb1 31.Bc5 Rc1 32.Be3 Rc3 33.Bh3 Rd8 34.Rc7 c5
35.Bd7 c4 36.Bb5 Rcd3 37.Bxc4 R3d7 38.Rc6 Rd6 39.Rc5 R6d7 40.h4 Rb7 41.Kg2 Rbd7
42.Kf3 Rb7 43.Rc6 Rbd7 44.Bf4 Kh7 45.g4 Ra7 46.Be3 Rad7 47.Bb3 Rb7 48.Bc2+ Kg8
49.Bf5 Re8 50.Be4 Rbe7 51.Bd5 Rd7 52.Bc4 Red8 53.g5 hxg5 54.hxg5 Kh7 55.Kg3 Re8
56.Bxf7 Rxf7 57.g6+ Kg8 58.gxf7+ Kxf7 59.Kg4 Re7 60.Bf4 Re4  1-0

[Event "World Youth U18"]
[Site "Antalya TUR"]
[Date "2009.11.22"]
[Round "11"]
[White "Pradeep,KR"]
[Black "Wageih,K"]
[Result "1-0"]
[WhiteElo "2202"]
[BlackElo "2324"]

1.Nf3 d5 2.g3 Nf6 3.Bg2 Bf5 4.O-O e6 5.d3 Be7 6.Nbd2 O-O 7.Qe1 h6 8.e4 Bh7
9.Qe2 c5 10.Re1 Nc6 11.h4 Nb4 12.e5 Nd7 13.Qd1 Qc7 14.Nf1 Rfc8 15.a3 Nc6
16.Bf4 b5 17.g4 Nd4 18.g5 Nxf3+ 19.Qxf3 hxg5 20.hxg5 c4 21.Qh5 cxd3 22.cxd3 Bxd3
23.Re3 Bg6 24.Qh4 Nf8 25.Rh3 Nh7 26.Ne3 Qd8 27.Rg3 Rab8 28.Bf3 d4 29.Nf1 d3
30.Nd2 Qd4 31.Kg2 Rc2 32.Rh1 Bc5 33.Rgh3 Rxb2 34.Qg3 Rd8 35.Be3 Qa4 36.Bxc5 Rxd2
37.Bb4 Qc2 38.Bxd2 Qxd2 39.Rxh7 Bxh7 40.Qh4 Qc3 41.g6 Rd4 42.Qxh7+ Kf8 43.Qh8+ Ke7
44.Qxg7  1-0

[Event "IV Open"]
[Site "Palma ESP"]
[Date "2009.11.23"]
[Round "4"]
[White "Movsziszian,K"]
[Black "Bellon Lopez,JuM"]
[Result "1-0"]
[WhiteElo "2541"]
[BlackElo "2435"]

1.g3 d5 2.Nf3 Nf6 3.Bg2 c6 4.O-O Bf5 5.d3 e6 6.Qe1 h6 7.Nbd2 Bh7 8.e4 Be7
9.Ne5 O-O 10.f4 Nbd7 11.Nxd7 Qxd7 12.Kh1 b5 13.Qe2 Rad8 14.g4 dxe4 15.dxe4 e5
16.f5 g5 17.Nf3 Nxg4 18.Nxg5 hxg5 19.Qxg4 Kh8 20.Be3 f6 21.h4 gxh4 22.Qxh4 Rf7
23.Rf3 Rg8 24.Rh3 Bd8 25.Bf3 Bb6 26.Bh5 Rfg7 27.Qxf6 Bxe3 28.Bg6 Rb8 29.Rxh7+ Kg8
30.Rh3 Bf2 31.Rf1  1-0

[Event "69th ch-ITA 3rd-5th"]
[Site "Sarre ITA"]
[Date "2009.11.26"]
[Round "4"]
[White "D'Amore,C"]
[Black "Rombaldoni,D"]
[Result "1-0"]
[WhiteElo "2489"]
[BlackElo "2504"]

1.Nf3 d5 2.g3 Nf6 3.Bg2 c6 4.O-O Bg4 5.b3 Nbd7 6.Bb2 Bxf3 7.exf3 e6 8.f4 Bd6
9.d3 h5 10.h4 Kf8 11.Nd2 Ng4 12.Nf3 Rh6 13.Qe2 Qc7 14.Rae1 Bb4 15.Rd1 Qa5
16.a4 Bc3 17.Ba3+ Kg8 18.Bc1 Rf6 19.d4 c5 20.Ne5 Ndxe5 21.dxe5 Rg6 22.f5 exf5
23.Bxd5 Bxe5 24.Qf3 Qc7 25.Qxf5 Kf8 26.Rd3 Nf6 27.Bg2 Rg4 28.Bg5 g6 29.Qf3 Ne4
30.Rfd1 Bd4 31.Be3 Nc3 32.Bh6+ Kg8 33.Rxc3 Rxg3 34.Qxg3  1-0

[Event "UTD Invitational B"]
[Site "Dallas USA"]
[Date "2009.11.28"]
[Round "8"]
[White "Bayaraa,Z"]
[Black "Ibragimov,I"]
[Result "1/2-1/2"]
[WhiteElo "2194"]
[BlackElo "2577"]

1.Nf3 d5 2.g3 c6 3.Bg2 Bg4 4.d4 Nd7 5.Nbd2 Ngf6 6.c4 e6 7.O-O Be7 8.b3 O-O
9.Bb2 a5 10.a3 h6 11.Re1 Bf5 12.Ne5 Nxe5 13.dxe5 Nd7 14.e4 dxe4 15.Nxe4 Nc5
16.Bd4 Bxe4  1/2-1/2

[Event "Open"]
[Site "Figueira da Foz POR"]
[Date "2009.11.29"]
[Round "1"]
[White "Brandauer,D"]
[Black "Diogo,V"]
[Result "0-1"]
[WhiteElo "1840"]
[BlackElo "2290"]

1.Nf3 d5 2.g3 Nf6 3.Bg2 c6 4.O-O Bf5 5.d3 h6 6.Nbd2 e6 7.c4 Be7 8.a3 Nbd7
9.b4 a5 10.b5 cxb5 11.cxb5 a4 12.Bb2 O-O 13.Ne5 Nxe5 14.Bxe5 Qb6 15.Nf3 Bh7
16.Qc1 Nd7 17.Qc7 Qxc7 18.Bxc7 Rfc8 19.Rfc1 Nc5 20.Bf4 Nb3 21.Rxc8+ Rxc8
22.Ra2 g5 23.Bd2 Nc1 24.Bxc1 Rxc1+ 25.Bf1 Rc3 26.Nd2 Rxa3 27.Rc2 Bb4 28.Nb1 Ra1
29.Nc3 Bxc3 30.Rxc3 a3 31.Kg2 d4 32.Rc8+ Kg7 33.Ra8 Bf5 34.f4 e5 35.Kf2 Be6
36.Bg2 b6 37.f5 Bb3 38.Ra6 a2 39.f6+ Kxf6 40.Rxb6+ Be6 41.Ra6 Rb1 42.Bd5  0-1

[Event "Open"]
[Site "Figueira da Foz POR"]
[Date "2009.12.01"]
[Round "4"]
[White "Spraggett,K"]
[Black "Karlovich,A"]
[Result "1-0"]
[WhiteElo "2606"]
[BlackElo "2211"]

1.Nf3 d5 2.g3 c6 3.Bg2 Bg4 4.b3 Nd7 5.Bb2 Ngf6 6.O-O e6 7.d3 Bc5 8.c4 O-O
9.Na3 Re8 10.Nc2 a5 11.Qd2 h6 12.Nh4 e5 13.cxd5 cxd5 14.Ne3 Bb4 15.Qd1 Be6
16.Rc1 Qb6 17.Nf3 Bd6 18.a3 Rac8 19.Rb1 Rc7 20.d4 e4 21.Ne5 Rec8 22.h3 Nf8
23.Kh2 Ne8 24.f4 exf3 25.Rxf3 Nh7 26.Qd3 Nef6 27.Rff1 Ng5 28.Rxf6 gxf6 29.N5g4 Kg7
30.Rf1 h5 31.Nxf6 Bxg3+ 32.Kxg3 Qd6+ 33.Kh4 Rh8 34.Nf5+ Bxf5 35.Qxf5 Ne6
36.Bxd5  1-0

[Event "ch-IND National A"]
[Site "Mumbai IND"]
[Date "2009.12.01"]
[Round "1"]
[White "Sangma,R"]
[Black "Sengupta,D"]
[Result "1/2-1/2"]
[WhiteElo "2368"]
[BlackElo "2488"]

1.Nf3 d5 2.g3 Nc6 3.d4 Bg4 4.Bg2 f6 5.h3 Bh5 6.c4 e6 7.O-O dxc4 8.Qa4 Ne7
9.Rd1 Qd7 10.Qxc4 Nd5 11.e4 Nb6 12.Qb5 e5 13.g4 Bf7 14.d5 Ne7 15.Nc3 a6 16.Qxd7+ Nxd7
17.h4 Ng6 18.Ne2 Bd6 19.Be3 Nf4 20.Nxf4 exf4 21.Bd4 O-O-O 22.h5 Ne5 23.Bxe5 Bxe5
24.Nxe5 fxe5 25.Rac1 Rd6 26.Rc3 Re8 27.Rdc1 Re7 28.Bf1 Kb8 29.Be2 g6 30.Kh2 Be8
31.Rh3 c6 32.Bc4 Rc7 33.Bb3 gxh5 34.gxh5 Rh6 35.Rg1 cxd5 36.Rg8 Rc8 37.Bxd5 Bd7
38.Rg7 Rc7 39.Rg8+ Ka7 40.Rg7 Kb6 41.Rb3+ Ka7 42.Rg5 Ba4 43.Rc3 Re7 44.Kh3 Bd1
45.Kh4 Be2 46.a4 a5 47.Rc2 f3 48.Rc5 Kb6 49.Rc8 Rd6 50.Rc3 Ka7 51.Kg3 Rdd7
52.Kh4  1/2-1/2

[Event "1st ACP Women World Rapid Cup"]
[Site "Konya TUR"]
[Date "2009.12.03"]
[Round "11"]
[White "Javakhishvili,L"]
[Black "Zhukova,N"]
[Result "0-1"]
[WhiteElo "2482"]
[BlackElo "2465"]

1.Nf3 d5 2.g3 c6 3.Bg2 Bg4 4.O-O Nd7 5.d3 Ngf6 6.Nbd2 e5 7.h3 Bh5 8.e4 dxe4
9.dxe4 Bc5 10.Qe2 O-O 11.c3 a5 12.Rd1 Qc7 13.g4 Bg6 14.Nh4 Rfd8 15.Bf3 Nf8
16.g5 N6d7 17.Nf1 Ne6 18.Bg4 Ndf8 19.Nf5 Nf4 20.Bxf4 exf4 21.Nh2 Nd7 22.Qf3 Qb6
23.Qxf4 Qxb2 24.Rab1 Qxa2 25.Rxb7 Nf8 26.Nd4 Qa4 27.e5 Ne6 28.Bxe6 Qxd1+
29.Kg2 fxe6 30.Ng4 Rf8 31.Nf6+ gxf6 32.exf6 Bxd4 33.Rg7+ Kh8 34.Rxg6 hxg6
35.cxd4 Rf7 36.Qe4 Qh5 37.h4 Raf8 38.Kg3 Rh7  0-1

[Event "2nd Dragon Capital"]
[Site "Ho Chi Minh City VIE"]
[Date "2009.12.04"]
[Round "3"]
[White "Nguyen Thanh Son"]
[Black "Sharma,Di"]
[Result "1/2-1/2"]
[WhiteElo "2362"]
[BlackElo "2376"]

1.Nf3 d5 2.g3 c6 3.Bg2 Bg4 4.O-O Nd7 5.d4 Ngf6 6.Nbd2 e6 7.c4 Be7 8.b3 O-O
9.Bb2 h6 10.Re1 Bf5 11.Ne5 Re8  1/2-1/2

[Event "New Years All-Ukrainian Open"]
[Site "Poltava UKR"]
[Date "2009.12.05"]
[Round "2"]
[White "Muhtarov,L"]
[Black "Pavlov,S2"]
[Result "0-1"]
[WhiteElo "2165"]
[BlackElo "2477"]

1.Nf3 d5 2.g3 Bg4 3.Bg2 Nd7 4.d3 c6 5.Nbd2 Ngf6 6.O-O e5 7.e4 dxe4 8.dxe4 Be7
9.h3 Bh5 10.b3 Qc7 11.Bb2 b5 12.a4 O-O 13.Qe2 a6 14.Rfc1 Rfe8 15.Bc3 Bf8
16.b4 Nb6 17.Nb3 Nxa4 18.Bd2 Nb6 19.Na5 c5 20.c4 bxc4 21.Nxc4 Bxf3 22.Bxf3 cxb4
23.Na5 Qd7 24.Nc6 Qxh3 25.Nxb4 a5 26.Nc6 a4 27.Qb5 Nbd7 28.Rxa4 Rxa4 29.Qxa4 Bc5
30.Bg2 Qxg3 31.Be1 Qf4 32.Rc3 Ng4 33.Qc2 Ra8 34.Rxc5 Ra1 35.Ne7+ Kf8 36.Rc8+ Kxe7
37.Qc3 Qxf2+  0-1

[Event "New Years All-Ukrainian Open"]
[Site "Poltava UKR"]
[Date "2009.12.05"]
[Round "3"]
[White "Tverdohlebov,V"]
[Black "Zinchenko,Ya"]
[Result "1/2-1/2"]
[WhiteElo "2383"]
[BlackElo "2526"]

1.Nf3 d5 2.g3 c6 3.Bg2 Bg4 4.O-O Nd7 5.h3 Bh5 6.d3 e6 7.b3 Bc5 8.Bb2 Ngf6
9.c4 O-O 10.a3 a5 11.Nc3 h6 12.Re1 dxc4 13.d4 Bd6 14.bxc4 e5 15.c5 Bc7 16.Na4 e4
17.Ne5 Rb8 18.Qc2 Re8 19.Rad1 Qe7 20.f4 exf3 21.exf3 Nxe5 22.dxe5 Nd5 23.Qf2 b5
24.Nc3 Nxc3 25.Bxc3 b4 26.axb4 axb4 27.Bb2 b3 28.Ra1 Rb5  1/2-1/2

[Event "ch-RSA"]
[Site "Cape Town RSA"]
[Date "2009.12.06"]
[Round "11"]
[White "Solomons,D"]
[Black "Ophoff,J"]
[Result "1-0"]
[WhiteElo "2191"]
[BlackElo "2273"]

1.Nf3 d5 2.g3 Nf6 3.Bg2 c6 4.d3 Bg4 5.Nbd2 Nbd7 6.h3 Bh5 7.O-O e5 8.e4 dxe4
9.dxe4 Be7 10.Qe1 O-O 11.Nh4 Re8 12.Nf5 Bf8 13.Nb3 Qc7 14.Bg5 Rad8 15.g4 Bg6
16.Qe2 a5 17.a4 Bxf5 18.gxf5 Rb8 19.Rfd1 Nc5 20.Nd2 b5 21.axb5 cxb5 22.Bxf6 gxf6
23.Nf1 Bh6 24.Ng3 Kh8 25.Nh5 Bg5 26.Kh1 Rg8 27.Rd5 Na4 28.Rxb5 Rxb5 29.Qxb5 Qxc2
30.Qxa4 Qxf2 31.Rf1 Qh4 32.Qd1 h6 33.Qg4 Rb8 34.Qxh4 Bxh4 35.Ra1 Rb5 36.Ra2 Rc5
37.b3 Kg8 38.Bf1 Kf8 39.Bc4 Ke7 40.Kg2 Be1 41.Ng3 Rc8 42.Nf1 h5 43.Ne3 Rg8+
44.Kf1 Bh4 45.Ng2 Bg5 46.Rxa5 Rd8 47.Ra7+ Kd6 48.h4 Bf4 49.Rxf7 Kc5 50.Nxf4 exf4
51.Rxf6 Kd4 52.Bd5 Rd7 53.Ke2  1-0

[Event "Open"]
[Site "Figueira da Foz POR"]
[Date "2009.12.06"]
[Round "9"]
[White "Brandauer,D"]
[Black "Karlovich,A"]
[Result "0-1"]
[WhiteElo "1840"]
[BlackElo "2211"]

1.Nf3 d5 2.g3 c6 3.Bg2 Bg4 4.O-O Nd7 5.d3 Ngf6 6.Nbd2 e5 7.e4 dxe4 8.dxe4 Bc5
9.h3 Bh5 10.Qe1 O-O 11.Nc4 Re8 12.Bg5 h6 13.Bxf6 Qxf6 14.Nh4 Nf8 15.Nf5 Ne6
16.b4 Bf8 17.c3 Rad8 18.Qe3 c5 19.b5 b6 20.Bf3 Bg6 21.Nh4 Bh7 22.Bg2 Nf4
23.Nb2 Rd7 24.Rfd1 Red8 25.Rxd7 Rxd7 26.Rd1 Rxd1+ 27.Nxd1 c4 28.Nb2 Bc5 29.Qd2 Nxg2
30.Nxg2 Bxe4 31.Nxc4 Qf3 32.Nce3 Bxe3 33.fxe3 Qxg3 34.Qf2  0-1

[Event "London Classic FIDE Open"]
[Site "London ENG"]
[Date "2009.12.08"]
[Round "1"]
[White "Chapman,T"]
[Black "Chidi,L"]
[Result "1/2-1/2"]
[WhiteElo "2222"]
[BlackElo "1819"]

1.Nf3 d5 2.g3 c5 3.Bg2 Nc6 4.d4 cxd4 5.Nxd4 Nf6 6.O-O e5 7.Nxc6 bxc6 8.c4 Be7
9.Nc3 Bb7 10.cxd5 cxd5 11.Bg5 e4 12.Qd2 d4 13.Bxf6 Bxf6 14.Nxe4 Bxe4 15.Bxe4 Rb8
16.Qc2 g6 17.Qa4+ Kf8 18.Qxa7 Rc8 19.Rab1 Kg7 20.Qa3 h5 21.Qf3 Qa5 22.a3 Rc7
23.Rfc1 Rhc8 24.Rxc7 Rxc7 25.Qd3 Qc5 26.h4 Qe5 27.Kg2 Be7 28.f4 Qd6 29.Rd1 Bf6
30.Bf3 Qb6 31.Qd2 Qb3 32.Qd3 Qxb2 33.Rb1 Qc3 34.Be4 Ra7 35.Rb7 Qxd3 36.exd3 Rxb7
37.Bxb7  1/2-1/2

[Event "30th Edoardo Crespi Magistrale"]
[Site "Milan ITA"]
[Date "2009.12.08"]
[Round "5"]
[White "Stojanovic,Andj"]
[Black "Sbarra,M"]
[Result "1/2-1/2"]
[WhiteElo "2329"]
[BlackElo "2256"]

1.Nf3 d5 2.g3 c5 3.Bg2 Nc6 4.d4 e6 5.O-O Nf6 6.c4 Be7 7.dxc5 Bxc5 8.a3 a6
9.b4 Ba7 10.Bb2 O-O 11.Nbd2 Re8 12.Qc2 d4 13.b5 axb5 14.cxb5 Na5 15.Ne5 Nd7
16.Nec4 e5 17.Nxa5 Qxa5 18.a4 Nf6 19.Nb3 Qd8 20.a5 Nd5 21.b6 Bb8 22.Nc5 e4
23.Nxe4 Bf5 24.Qc5 Bxe4 25.Qxd4 Be5 26.Qxe4 Bxb2 27.Qxd5 Bxa1 28.Qxd8 Rexd8
29.Rxa1 Rd7 30.Bf3 Kf8 31.Kg2 f5 32.e4 fxe4 33.Bxe4 Re7 34.Ra4 Re5 35.Bxb7 Raxa5
36.Rf4+ Ke7 37.Bc6 Rab5 38.b7 Rb2 39.Bf3 Reb5 40.Rh4 h6 41.Rg4 Kf7 42.Rc4 Rxb7
43.Bxb7 Rxb7 44.h4 h5 45.Kf3 Rb2 46.Ke3 Ra2 47.Re4 Rb2 48.Rf4+ Kg6 49.Rd4 Kf6
50.f3 Rb6 51.Kf4 Ra6 52.g4 hxg4 53.fxg4 g6 54.g5+ Ke6 55.Rb4 Ra1 56.Rb6+ Kf7
57.Rb7+ Ke6 58.Rb6+ Kf7 59.Rf6+ Kg7 60.Rd6 Ra4+ 61.Ke5 Rxh4 62.Rd7+ Kg8 63.Kf6 Rf4+
64.Kxg6 Rf8 65.Kh6 Ra8 66.Rd6 Rb8 67.Kg6 Ra8 68.Kh6  1/2-1/2

[Event "30th Edoardo Crespi Magistrale"]
[Site "Milan ITA"]
[Date "2009.12.09"]
[Round "6"]
[White "Lazic,Mir"]
[Black "Damia,A"]
[Result "1-0"]
[WhiteElo "2454"]
[BlackElo "2338"]

1.g3 d5 2.Nf3 Nf6 3.Bg2 e6 4.O-O c5 5.d3 Nc6 6.Nbd2 Be7 7.e4 O-O 8.Re1 b6
9.e5 Nd7 10.c4 Nb4 11.Nf1 b5 12.a3 Nxd3 13.Qxd3 bxc4 14.Qc2 Rb8 15.Ne3 Qa5
16.Rd1 Nb6 17.a4 c3 18.bxc3 Bd7 19.Bd2 Bxa4 20.Qa2 c4 21.Nd4 Qc5 22.Rdb1 Ra8
23.Bc1 Qc7 24.f4 Bd7 25.Ba3 Bc5 26.Bxc5 Qxc5 27.Qa3 Qc7 28.Nb5 Bxb5 29.Rxb5 f6
30.exf6 gxf6 31.Ra5 Rf7 32.f5 Qe5  1-0

[Event "30th Edoardo Crespi Magistrale"]
[Site "Milan ITA"]
[Date "2009.12.10"]
[Round "7"]
[White "Stojanovic,Andj"]
[Black "David,Alb"]
[Result "0-1"]
[WhiteElo "2329"]
[BlackElo "2593"]

1.Nf3 d5 2.g3 g6 3.Bg2 Bg7 4.d4 Nf6 5.O-O O-O 6.c4 dxc4 7.Na3 c3 8.bxc3 c5
9.Nc4 Nc6 10.Nfe5 Nd5 11.Bb2 Be6 12.Nxc6 bxc6 13.Qa4 Rb8 14.dxc5 Rb5 15.Rad1 Qb8
16.Qa3 Nf4 17.gxf4 Bxc4 18.Rd2 Qxf4 19.e3 Qg5 20.Rfd1 Rxc5 21.f4 Qh5 22.Bf3 Rg5+
23.fxg5 Qxf3 24.Qxe7 Bd5 25.Rf1 Qg4+ 26.Kf2 Bc4 27.Rg1 Qh4+ 28.Kg2 Bd5+ 29.Kf1 f6
30.Rf2 Qc4+ 31.Ke1 Qxa2 32.Qa3 Qb1+ 33.Bc1 Rb8 34.Kd2 f5  0-1

[Event "New Years All-Ukrainian Open"]
[Site "Poltava UKR"]
[Date "2009.12.11"]
[Round "9"]
[White "Tverdohlebov,V"]
[Black "Kol'ba,A"]
[Result "1-0"]
[WhiteElo "2383"]
[BlackElo "2155"]

1.Nf3 d5 2.g3 Nf6 3.Bg2 c6 4.O-O g6 5.b3 Bg7 6.Bb2 O-O 7.c4 Re8 8.Qc2 Bf5
9.d3 Nbd7 10.Nd4 e5 11.Nxf5 gxf5 12.Nd2 e4 13.Bh3 e3 14.fxe3 Rxe3 15.Rae1 Qe7
16.Nf3 Ng4 17.Bxg7 Kxg7 18.Bxg4 fxg4 19.Nh4 Re5 20.Nf5+ Rxf5 21.Rxf5 Qe3+
22.Kg2 Ne5 23.cxd5 cxd5 24.Qc1 Qxc1 25.Rxc1 Re8 26.Rc7 Kg6 27.Rf4 f5 28.Rxb7 Rc8
29.Rxa7 Rc2 30.Rf2 Rb2 31.Ra6+ Kg5 32.Ra5  1-0

[Event "Tch-SLO League"]
[Site "Rogaska Slatina SLO"]
[Date "2009.12.11"]
[Round "1"]
[White "Velickovic,Z"]
[Black "Soln,P"]
[Result "1/2-1/2"]
[WhiteElo "2401"]
[BlackElo "2387"]

1.Nf3 d5 2.g3 c6 3.Bg2 Bg4 4.c4 e6 5.O-O Nd7 6.b3 Ngf6 7.d4 Be7 8.Nc3 O-O
9.h3 Bh5 10.Bb2 a5 11.Ne5 Nxe5 12.dxe5 Nd7 13.cxd5 cxd5 14.g4 Bg6 15.f4 f5
16.Nb5 Qb6+ 17.Nd4 a4 18.e3 Nc5 19.Ba3 axb3 20.axb3 Rae8 21.b4 Na6 22.b5 Nc5
23.Kh2 fxg4 24.hxg4 Be4 25.Bh3 Nd3 26.g5 Bc5 27.Bxc5 Nxc5 28.Qd2 Ra8 29.Qb4 Bd3
30.Rxa8 Rxa8 31.Rc1 Ra2+ 32.Kg1 Bc4 33.Bxe6+ Nxe6 34.Qe7 Nf8 35.e6 Nxe6 36.f5 Qc7
37.Qe8+ Nf8 38.Qxf8+ Kxf8 39.Ne6+ Ke7 40.Nxc7 Kd6 41.Ne8+ Ke5 42.Nxg7 b6
43.f6 Ra7 44.Kf2 h6 45.gxh6 Kxf6 46.Rh1 Ra8 47.Nh5+ Kg6 48.Nf4+ Kh7 49.Rh5 Rd8
50.Ne6 Re8 51.Nd4 Kg6 52.Rh2 Rh8 53.Kg3 Rxh6 54.Rxh6+ Kxh6 55.Kf4 Kh5 56.Ke5 Kg4
57.Kd6 Bxb5 58.Nxb5 Kf3 59.Kxd5 Kxe3  1/2-1/2

[Event "30th Edoardo Crespi Magistrale"]
[Site "Milan ITA"]
[Date "2009.12.12"]
[Round "9"]
[White "Lazic,Mir"]
[Black "Shishkin,Va UKR"]
[Result "1-0"]
[WhiteElo "2454"]
[BlackElo "2507"]

1.g3 d5 2.Nf3 g6 3.Bg2 Bg7 4.O-O Nf6 5.d3 O-O 6.Nbd2 c5 7.e4 Nc6 8.Re1 e5
9.exd5 Nxd5 10.Nc4 Re8 11.Ng5 f5 12.f4 h6 13.Nh3 Kh7 14.c3 Rb8 15.fxe5 Nxe5
16.Nf4 Nc7 17.Nxe5 Rxe5 18.Rxe5 Bxe5 19.Be3 b6 20.Qb3 Qf8 21.d4 cxd4 22.cxd4 Bd6
23.Rc1 Bd7 24.Nd3 Ne6 25.Bc6 Qe7 26.d5 Ng5 27.Bxg5 hxg5 28.Re1 Qf7 29.Ne5 Bxe5
30.Rxe5 Re8 31.Rxe8 Qxe8 32.Qc3 g4 33.Kf2 Qe7 34.Qe3 Qg7 35.Qc3 Qe7 36.Bxd7 Qxd7
37.Qc6 Qg7 38.d6 Qxb2+ 39.Ke3 Qa3+ 40.Kf4 Kh6 41.Ke5 Qe3+ 42.Kf6 Qd4+ 43.Ke6 f4
44.gxf4 Qe3+ 45.Kd7 Qxf4 46.Kc8  1-0

[Event "TCh-NED 2009-10"]
[Site "Netherlands NED"]
[Date "2009.12.12"]
[Round "4"]
[White "Langheinrich,F"]
[Black "Peng Zhaoqin"]
[Result "1-0"]
[WhiteElo "2425"]
[BlackElo "2407"]

1.Nf3 d5 2.g3 Bg4 3.Bg2 Nd7 4.c4 e6 5.h3 Bh5 6.O-O Ngf6 7.Nc3 c6 8.d4 Bd6
9.Qb3 Rb8 10.cxd5 exd5 11.Nd2 Bg6 12.f4 Qe7 13.Rf3 O-O 14.f5 Bh5 15.g4 Nxg4
16.hxg4 Bxg4 17.Rf1 Qe3+ 18.Rf2 Qxd4 19.Nf1 Rfe8 20.e3 Qe5 21.Qc2 Nf6 22.Qd3 Rbd8
23.Bd2 h5 24.Re1 Bc7 25.Rf4 Bb6 26.Kh1 Ne4 27.Nxe4 dxe4 28.Qxe4 Qxb2 29.Qb4 Qf6
30.Bc3 Qh4+ 31.Kg1 Qg5 32.f6 Bh3 33.Rf2 Rd3 34.fxg7 c5 35.Qc4 Rd7 36.Qf4 Qxf4
37.Rxf4 Be6 38.Ng3 Bd8 39.Nxh5 Bxa2 40.Nf6+ Bxf6 41.Bxf6  1-0